[Event "Weekender - Master"]
[Site "Enniscrone, Sligo, IE"]
[Date "2026.02.01"]
[Round "5"]
[White "Comley, Jamie"]
[Black "Duggan, Dylan"]
[Result "1-0"]
[Board "10"]
[WhiteFideId "2524260"]
[BlackFideId "2535343"]
[WhiteElo "1968"]
[BlackElo "1881"]
[WhiteTeam "IRL"]
[BlackTeam "IRL"]
[WhiteClock "0:04:04"]
[BlackClock "0:06:41"]
[Variant "Standard"]

1. e4 {[%clk 1:30:56]}  e5 {[%clk 1:30:55]} 2. Nf3 {[%clk 1:31:21]}  Nc6 {[%clk 1:31:20]} 3. Bb5 {[%clk 1:31:45]}  f5 {[%clk 1:31:44]} 4. d3 {[%clk 1:31:43]}  fxe4 {[%clk 1:31:49]} 5. dxe4 {[%clk 1:32:04]}  Nf6 {[%clk 1:32:11]} 6. O-O {[%clk 1:32:29]}  d6 {[%clk 1:32:36]} 7. Nc3 {[%clk 1:29:29]}  Bg4 {[%clk 1:31:52]} 8. h3 {[%clk 1:27:17]}  Bh5 {[%clk 1:31:19]} 9. Re1 {[%clk 1:19:18]}  Be7 {[%clk 1:29:31]} 10. Be3 {[%clk 1:11:45]}  O-O {[%clk 1:27:50]} 11. g4 {[%clk 1:09:45]}  Bf7 {[%clk 1:25:33]} 12. Ng5 {[%clk 1:08:49]}  Qe8 {[%clk 1:18:12]} 13. Ba4 {[%clk 1:04:23]}  Kh8 {[%clk 1:15:39]} 14. Nd5 {[%clk 0:56:36]}  Bd8 {[%clk 1:10:20]} 15. Nxf6 {[%clk 0:53:37]}  Bxf6 {[%clk 1:08:37]} 16. Nxf7+ {[%clk 0:53:04]}  Qxf7 {[%clk 1:08:55]} 17. Qd5 {[%clk 0:51:24]}  Bh4 {[%clk 1:02:40]} 18. Qxf7 {[%clk 0:44:56]}  Rxf7 {[%clk 1:01:38]} 19. Bxc6 {[%clk 0:45:19]}  bxc6 {[%clk 1:02:02]} 20. c4 {[%clk 0:42:23]}  Raf8 {[%clk 1:00:01]} 21. Re2 {[%clk 0:41:30]}  a5 {[%clk 0:58:36]} 22. Rd1 {[%clk 0:39:30]}  c5 {[%clk 0:57:22]} 23. Rd3 {[%clk 0:34:22]}  Ra8 {[%clk 0:45:48]} 24. Ra3 {[%clk 0:30:45]}  Rff8 {[%clk 0:44:30]} 25. Ra4 {[%clk 0:24:29]}  Ra6 {[%clk 0:36:38]} 26. Bd2 {[%clk 0:22:42]}  Rfa8 {[%clk 0:35:36]} 27. Be1 {[%clk 0:19:25]}  Bg5 {[%clk 0:33:13]} 28. Rc2 {[%clk 0:16:42]}  Bd8 {[%clk 0:27:50]} 29. Rc3 {[%clk 0:14:36]}  c6 {[%clk 0:23:57]} 30. Rd3 {[%clk 0:12:38]}  Bc7 {[%clk 0:23:46]} 31. Bd2 {[%clk 0:11:37]}  h6 {[%clk 0:21:48]} 32. f4 {[%clk 0:09:44]}  Rb8 {[%clk 0:18:24]} 33. fxe5 {[%clk 0:09:22]}  dxe5 {[%clk 0:18:29]} 34. Bc3 {[%clk 0:08:43]}  Ra7 {[%clk 0:14:29]} 35. Rd7 {[%clk 0:07:52]}  Rbb7 {[%clk 0:12:15]} 36. Re7 {[%clk 0:06:53]}  Kg8 {[%clk 0:10:14]} 37. b3 {[%clk 0:05:11]}  Kf8 {[%clk 0:09:57]} 38. Rd7 {[%clk 0:04:32]}  Kg8 {[%clk 0:08:16]} 39. Kf2 {[%clk 0:03:58]}  Kf8 {[%clk 0:08:10]} 40. Kg3 {[%clk 0:03:07]}  Rb8 {[%clk 0:06:57]} 41. Rxc7 {[%clk 0:02:55]}  Rxc7 {[%clk 0:06:07]} 42. Bxe5 {[%clk 0:03:19]}  Rcc8 {[%clk 0:06:17]} 43. Bxb8 {[%clk 0:03:40]}  Rxb8 {[%clk 0:06:41]} 44. Rxa5 {[%clk 0:04:04]} 1-0

[Event "Weekender - Master"]
[Site "Enniscrone, Sligo, IE"]
[Date "2026.02.01"]
[Round "5"]
[White "Nikiforov, Sergey"]
[Black "Govindaraju, Darun"]
[Result "1/2-1/2"]
[Board "11"]
[WhiteFideId "14129086"]
[BlackFideId "2519690"]
[WhiteElo "1933"]
[BlackElo "2168"]
[WhiteTeam "UKR"]
[BlackTeam "IRL"]
[WhiteClock "0:20:10"]
[BlackClock "0:31:38"]
[Variant "Standard"]

1. e4 {[%clk 1:30:58]}  c6 {[%clk 1:30:55]} 2. d3 {[%clk 1:31:16]}  d5 {[%clk 1:31:21]} 3. Nd2 {[%clk 1:31:42]}  e5 {[%clk 1:31:45]} 4. Ngf3 {[%clk 1:32:05]}  Bd6 {[%clk 1:32:10]} 5. g3 {[%clk 1:32:29]}  Nf6 {[%clk 1:31:58]} 6. Bg2 {[%clk 1:32:50]}  O-O {[%clk 1:32:21]} 7. O-O {[%clk 1:33:14]}  Re8 {[%clk 1:32:27]} 8. Re1 {[%clk 1:33:02]}  Nbd7 {[%clk 1:32:36]} 9. d4 {[%clk 1:29:44]}  dxe4 {[%clk 1:30:42]} 10. Nxe4 {[%clk 1:29:49]}  Nxe4 {[%clk 1:30:58]} 11. Rxe4 {[%clk 1:30:14]}  Nf6 {[%clk 1:27:16]} 12. Bg5 {[%clk 1:29:06]}  Bf5 {[%clk 1:27:02]} 13. Bxf6 {[%clk 1:28:59]}  Qxf6 {[%clk 1:26:59]} 14. dxe5 {[%clk 1:28:15]}  Bxe5 {[%clk 1:26:59]} 15. Rxe5 {[%clk 1:28:06]}  Rxe5 {[%clk 1:27:22]} 16. Nxe5 {[%clk 1:28:32]}  Qxe5 {[%clk 1:27:46]} 17. c3 {[%clk 1:27:41]}  Re8 {[%clk 1:27:28]} 18. Bf3 {[%clk 1:25:14]}  Bh3 {[%clk 1:22:05]} 19. Qd2 {[%clk 1:20:51]}  h5 {[%clk 1:21:56]} 20. Bg2 {[%clk 1:15:27]}  Bxg2 {[%clk 1:21:56]} 21. Kxg2 {[%clk 1:15:53]}  h4 {[%clk 1:22:09]} 22. Rd1 {[%clk 1:10:16]}  Qe4+ {[%clk 1:20:23]} 23. Kg1 {[%clk 0:58:07]}  h3 {[%clk 1:14:26]} 24. f4 {[%clk 0:57:22]}  Kh7 {[%clk 1:06:26]} 25. Rf1 {[%clk 0:51:40]}  Rd8 {[%clk 1:02:27]} 26. Qf2 {[%clk 0:48:47]}  Rd3 {[%clk 1:01:09]} 27. Re1 {[%clk 0:42:45]}  Qd5 {[%clk 0:59:45]} 28. Qf1 {[%clk 0:41:32]}  Qf5 {[%clk 0:46:09]} 29. Re5 {[%clk 0:39:16]}  Qd7 {[%clk 0:46:05]} 30. Re7 {[%clk 0:38:36]}  Qxe7 {[%clk 0:44:07]} 31. Qxd3+ {[%clk 0:38:59]}  g6 {[%clk 0:44:31]} 32. Kf2 {[%clk 0:35:53]}  Qc5+ {[%clk 0:43:02]} 33. Qd4 {[%clk 0:26:33]}  Qf5 {[%clk 0:43:15]} 34. Kf3 {[%clk 0:25:37]}  Qc2 {[%clk 0:40:19]} 35. Qf6 {[%clk 0:24:24]}  Qd1+ {[%clk 0:38:52]} 36. Ke3 {[%clk 0:23:54]}  Kg8 {[%clk 0:37:20]} 37. f5 {[%clk 0:21:13]}  Qe1+ {[%clk 0:33:27]} 38. Kf3 {[%clk 0:20:16]}  Qf1+ {[%clk 0:31:38]} 39. Ke4 {[%clk 0:20:10]} 1/2-1/2

[Event "Weekender - Master"]
[Site "Enniscrone, Sligo, IE"]
[Date "2026.02.01"]
[Round "5"]
[White "Machin Arbelo, Pedro Alexis"]
[Black "Ashworth, Robert"]
[Result "0-1"]
[Board "12"]
[WhiteFideId "2260972"]
[BlackFideId "426563"]
[WhiteElo "1950"]
[BlackElo "1899"]
[WhiteTeam "ESP"]
[BlackTeam "ENG"]
[WhiteClock "0:02:17"]
[BlackClock "0:10:52"]
[Variant "Standard"]

1. c3 {[%clk 1:30:53]}  d5 {[%clk 1:30:02]} 2. d4 {[%clk 1:31:17]}  Nf6 {[%clk 1:28:28]} 3. Nf3 {[%clk 1:31:38]}  e6 {[%clk 1:26:54]} 4. Bf4 {[%clk 1:31:56]}  c5 {[%clk 1:24:09]} 5. e3 {[%clk 1:30:54]}  Bd6 {[%clk 1:23:32]} 6. Ne5 {[%clk 1:30:27]}  Qc7 {[%clk 1:18:39]} 7. Nd2 {[%clk 1:28:34]}  Nbd7 {[%clk 1:15:00]} 8. Ndf3 {[%clk 1:20:09]}  O-O {[%clk 1:12:00]} 9. Bd3 {[%clk 1:18:43]}  Ne4 {[%clk 1:05:02]} 10. Qc2 {[%clk 0:50:04]}  f5 {[%clk 1:00:34]} 11. g4 {[%clk 0:38:01]}  cxd4 {[%clk 0:50:08]} 12. Nxd7 {[%clk 0:28:12]}  Bxd7 {[%clk 0:46:49]} 13. Bxd6 {[%clk 0:27:04]}  Qxd6 {[%clk 0:45:55]} 14. Nxd4 {[%clk 0:26:41]}  fxg4 {[%clk 0:42:48]} 15. Bxe4 {[%clk 0:24:58]}  dxe4 {[%clk 0:43:05]} 16. O-O-O {[%clk 0:08:26]}  Qe5 {[%clk 0:33:13]} 17. Rdg1 {[%clk 0:05:12]}  Qd5 {[%clk 0:25:48]} 18. Nb3 {[%clk 0:00:56]}  e5 {[%clk 0:23:33]} 19. Rd1 {[%clk 0:01:03]}  Qc6 {[%clk 0:23:58]} 20. Rd2 {[%clk 0:01:01]}  Rf7 {[%clk 0:22:31]} 21. Rhd1 {[%clk 0:01:14]}  Raf8 {[%clk 0:22:27]} 22. Na5 {[%clk 0:00:36]}  Qa4 {[%clk 0:14:07]} 23. Qxa4 {[%clk 0:00:34]}  Bxa4 {[%clk 0:14:32]} 24. b3 {[%clk 0:01:00]}  Bb5 {[%clk 0:13:40]} 25. Rd5 {[%clk 0:00:31]}  Bd3 {[%clk 0:13:17]} 26. Rxe5 {[%clk 0:00:52]}  Rxf2 {[%clk 0:13:24]} 27. Rd2 {[%clk 0:00:39]}  Rxd2 {[%clk 0:12:26]} 28. Kxd2 {[%clk 0:01:08]}  Rf2+ {[%clk 0:12:25]} 29. Kd1 {[%clk 0:01:34]}  Rxh2 {[%clk 0:12:17]} 30. Nxb7 {[%clk 0:01:50]}  h6 {[%clk 0:11:10]} 31. Nd6 {[%clk 0:02:17]}  g3 {[%clk 0:10:52]} 0-1

[Event "Weekender - Master"]
[Site "Enniscrone, Sligo, IE"]
[Date "2026.02.01"]
[Round "5"]
[White "Millward, Kevin P"]
[Black "Gallagher, Brian"]
[Result "1-0"]
[Board "13"]
[WhiteFideId "404721"]
[BlackFideId "2512556"]
[WhiteElo "1948"]
[BlackElo "1909"]
[WhiteTeam "ENG"]
[BlackTeam "IRL"]
[WhiteClock "0:01:35"]
[BlackClock "0:07:36"]
[Variant "Standard"]

1. d4 {[%clk 1:30:45]}  Nf6 {[%clk 1:30:59]} 2. Bf4 {[%clk 1:31:05]}  d5 {[%clk 1:31:27]} 3. e3 {[%clk 1:31:18]}  c5 {[%clk 1:31:50]} 4. Nf3 {[%clk 1:28:49]}  Nc6 {[%clk 1:31:45]} 5. c3 {[%clk 1:27:18]}  Qb6 {[%clk 1:29:12]} 6. Qc2 {[%clk 1:26:38]}  g6 {[%clk 1:27:14]} 7. Nbd2 {[%clk 1:25:46]}  Bf5 {[%clk 1:25:50]} 8. dxc5 {[%clk 1:24:21]}  Qxc5 {[%clk 1:23:10]} 9. Qb3 {[%clk 1:22:21]}  Na5 {[%clk 1:21:32]} 10. Qb5+ {[%clk 1:19:37]}  Qxb5 {[%clk 1:20:58]} 11. Bxb5+ {[%clk 1:20:04]}  Bd7 {[%clk 1:18:44]} 12. Be2 {[%clk 1:19:19]}  Nh5 {[%clk 1:12:20]} 13. Bc7 {[%clk 1:15:33]}  Nc6 {[%clk 1:12:11]} 14. h3 {[%clk 1:07:48]}  Nf6 {[%clk 1:10:33]} 15. Nb3 {[%clk 1:03:34]}  h5 {[%clk 1:07:10]} 16. Nc5 {[%clk 0:59:03]}  Bc8 {[%clk 1:06:36]} 17. Ne5 {[%clk 0:52:19]}  e6 {[%clk 0:56:58]} 18. Nb3 {[%clk 0:41:45]}  Bg7 {[%clk 0:53:26]} 19. O-O {[%clk 0:34:51]}  O-O {[%clk 0:51:29]} 20. Nd3 {[%clk 0:28:48]}  b6 {[%clk 0:47:54]} 21. a4 {[%clk 0:26:48]}  Ba6 {[%clk 0:43:30]} 22. Rfe1 {[%clk 0:24:06]}  Rfc8 {[%clk 0:36:01]} 23. Bh2 {[%clk 0:23:07]}  Bc4 {[%clk 0:34:51]} 24. Nd2 {[%clk 0:21:58]}  Na5 {[%clk 0:31:01]} 25. Nxc4 {[%clk 0:17:26]}  Nxc4 {[%clk 0:30:44]} 26. Ra2 {[%clk 0:13:17]}  Bf8 {[%clk 0:24:50]} 27. Ne5 {[%clk 0:12:50]}  Bd6 {[%clk 0:21:03]} 28. Nxc4 {[%clk 0:10:01]}  Bxh2+ {[%clk 0:21:31]} 29. Kxh2 {[%clk 0:10:26]}  dxc4 {[%clk 0:21:55]} 30. Rd1 {[%clk 0:09:39]}  a6 {[%clk 0:14:47]} 31. Rd6 {[%clk 0:06:06]}  Rab8 {[%clk 0:14:37]} 32. Bf3 {[%clk 0:04:46]}  Kf8 {[%clk 0:13:30]} 33. Ra1 {[%clk 0:03:52]}  Ke7 {[%clk 0:13:18]} 34. Rad1 {[%clk 0:02:54]}  b5 {[%clk 0:12:46]} 35. Rxa6 {[%clk 0:02:08]}  bxa4 {[%clk 0:12:57]} 36. Ra7+ {[%clk 0:02:12]}  Kf8 {[%clk 0:12:54]} 37. Rd2 {[%clk 0:02:24]}  Rd8 {[%clk 0:12:45]} 38. Rc2 {[%clk 0:00:48]}  Rd7 {[%clk 0:10:15]} 39. Rxa4 {[%clk 0:00:49]}  Rc7 {[%clk 0:10:10]} 40. Rd2 {[%clk 0:00:59]}  Nd7 {[%clk 0:09:36]} 41. g4 {[%clk 0:00:37]}  Ne5 {[%clk 0:09:30]} 42. Be2 {[%clk 0:00:47]}  hxg4 {[%clk 0:09:17]} 43. hxg4 {[%clk 0:01:15]}  Rcb7 {[%clk 0:09:22]} 44. Ra2 {[%clk 0:01:17]}  Rc8 {[%clk 0:08:06]} 45. f4 {[%clk 0:01:36]}  Nd7 {[%clk 0:08:25]} 46. Bf3 {[%clk 0:00:42]}  Rbc7 {[%clk 0:08:54]} 47. Rd4 {[%clk 0:00:43]}  Rb8 {[%clk 0:08:42]} 48. Be2 {[%clk 0:00:56]}  Nf6 {[%clk 0:06:35]} 49. Bf3 {[%clk 0:01:10]}  Rb5 {[%clk 0:05:33]} 50. Kg3 {[%clk 0:00:53]}  Nd5 {[%clk 0:05:43]} 51. Bxd5 {[%clk 0:01:06]}  exd5 {[%clk 0:05:42]} 52. e4 {[%clk 0:00:41]}  dxe4 {[%clk 0:05:42]} 53. Rxe4 {[%clk 0:01:09]}  Rd5 {[%clk 0:05:45]} 54. Ra8+ {[%clk 0:00:39]}  Kg7 {[%clk 0:06:13]} 55. g5 {[%clk 0:00:51]}  f6 {[%clk 0:06:19]} 56. gxf6+ {[%clk 0:01:03]}  Kxf6 {[%clk 0:06:48]} 57. Rf8+ {[%clk 0:01:03]}  Kg7 {[%clk 0:07:12]} 58. Rfe8 {[%clk 0:01:12]}  g5 {[%clk 0:06:44]} 59. R8e7+ {[%clk 0:00:49]}  Rxe7 {[%clk 0:07:12]} 60. Rxe7+ {[%clk 0:01:14]}  Kf6 {[%clk 0:07:39]} 61. Rb7 {[%clk 0:00:47]}  gxf4+ {[%clk 0:05:00]} 62. Kxf4 {[%clk 0:01:15]}  Rd2 {[%clk 0:04:51]} 63. Rb6+ {[%clk 0:01:33]}  Ke7 {[%clk 0:05:11]} 64. Ke3 {[%clk 0:01:00]}  Rh2 {[%clk 0:05:17]} 65. Kd4 {[%clk 0:00:47]}  Rh4+ {[%clk 0:05:45]} 66. Kc5 {[%clk 0:01:01]}  Kd7 {[%clk 0:06:14]} 67. Rb7+ {[%clk 0:01:00]}  Kc8 {[%clk 0:06:34]} 68. Rb4 {[%clk 0:01:24]}  Rh2 {[%clk 0:06:17]} 69. Kxc4 {[%clk 0:01:51]}  Kc7 {[%clk 0:06:42]} 70. Kb3 {[%clk 0:01:43]}  Kc6 {[%clk 0:07:10]} 71. Rb8 {[%clk 0:01:35]}  Rh4 {[%clk 0:07:36]} 1-0